Land vs. Land #16 - Statistiken

Allgemein
  • Dieses Quiz wurde 29 mal gespielt
  • Das Durchschnittsergebnis liegt bei 9 aus 14
Antwortstatistiken
Frage Antwort % Korrekt
...Fläche? Panama🇵🇦
89%
...Einwohner? Panama🇵🇦
89%
...Tourismus? Panama🇵🇦
85%
...Exportmengen? Panama🇵🇦
85%
...Bruttoinlandsprodukt? Panama🇵🇦
81%
...Lebenserwartung? Brunei🇧🇳
59%
...Gewinner? Panama🇵🇦
59%
...Bruttoinlandsprodukt pro Kopf? Brunei🇧🇳
56%
...Happy Planet Index? Panama🇵🇦
56%
...Gesundheitswesen? Brunei🇧🇳
52%
...HDI (Human Development Index)? Panama🇵🇦
48%
...Frieden? Panama🇵🇦
44%
...durchschnittlicher IQ? Panama🇵🇦
44%
...Militär? Brunei🇧🇳
37%
Keine übereinstimmenden Quizze gefunden
Verteilung der Resultate
Anzahl Personen mit jedem Resultat
Perzentil nach korrekt beantworteten Fragen
Ihre Resultats-Entwicklung
Sie haben dieses Quiz noch nicht gespielt